000 00801nam a2200241 i 4500
001 000047729
003 DO-SdBNP
005 20230721143944.0
007 ta
008 180716s201u dr a 000 0 spa d
040 _aDO-SdBNP
_bspa
_cBNPHU
_erda
082 4 _222
100 1 _aSalas, Rosa,
_975332
_eautora
245 1 0 _aEscribo con sabiduría :
_bpráctica caligráfica y ortográfica /
_cRosa Salas ; ilustración, Jessica M. Salas Taveras.
264 1 _aSanto Domingo :
_bHawell papers,
_c201-.
300 _a[72] páginas :
_bilustraciones ;
_c29 cm.
336 _2rdacontent
_atexto
_btxt
337 _2rdamedia
_asin mediación
_bn
338 _2rdacarrier
_avolumen
_bnc
590 _aInventariado, 2018/ YL
700 1 _aSalas Taveras, Jessica M.,
_eilustraciones
_975333
942 _2ddc
_cLBS1
999 _c47217
_d47217